Biblioteca y Centro de Documentación

Demographic causes and economic consequences of population aging (Registro nro. 1306)

Detalles MARC
000 -CABECERA
Longitud fija campo de control 01519nam a2200385 c 4500
001 - NÚMERO DE CONTROL
Número de control 1306
003 - IDENTIFICADOR DE NÚMERO DE CONTROL
Identificador del número de control ES-MaCES
005 - FECHA Y HORA DE LA ÚLTIMA TRANSACCIÓN
Fecha y hora de la última transacción 20141221121534.0
008 - CAMPO FIJO DE DESCRIPCIÓN FIJA--INFORMACIÓN GENERAL
Códigos de información de longitud fija   941102s1992 xxu ||| | eng d
020 ## - ISBN (INTERNATIONAL STANDARD BOOK NUMBER)
Número Internacional Normalizado para Libros (ISBN) 9211003725
035 ## - NÚMERO DE CONTROL DEL SISTEMA
Número de control del sistema CES19980013127m
040 ## - FUENTE DE CATALOGACIÓN
Centro catalogador de origen ES-MaCES
Lengua de catalogación spa
Centro transcriptor ES-MaCES
245 00 - MENCIÓN DE TÍTULO
Título Demographic causes and economic consequences of population aging
Resto del título : Europe and North America
Mención de responsabilidad, etc. edited by George J. Stolnitz ; United Nations, Economic Commission for Europe, United Nations Population Fund
260 ## - PUBLICACIÓN, DISTRIBUCIÓN, ETC (PIE DE IMPRENTA)
Lugar de publicación, distribución, etc. New York
Nombre del editor, distribuidor, etc. United Nations
Fecha de publicación, distribución, etc. 1992
300 ## - DESCRIPCIÓN FÍSICA
Extensión XI, 483 p.
Dimensiones 30 cm
490 1# - MENCIÓN DE SERIE
Mención de serie Economic studies (Naciones Unidas. Comisión Económica para Europa)
Designación de volumen o secuencia no. 3
541 ## - NOTA DE LA FUENTE INMEDIANTE DE ADQUISICIÓN
Forma de adquisición Compra
650 #4 - ASIENTO SECUNDARIO DE MATERIA--TÉRMINO DE MATERIA
Término de materia o nombre geográfico como elemento inicial envejecimiento
9 (RLIN) 28516
650 #4 - ASIENTO SECUNDARIO DE MATERIA--TÉRMINO DE MATERIA
Término de materia o nombre geográfico como elemento inicial consecuencias económicas
9 (RLIN) 27082
650 #4 - ASIENTO SECUNDARIO DE MATERIA--TÉRMINO DE MATERIA
Término de materia o nombre geográfico como elemento inicial gasto público
9 (RLIN) 28076
650 #4 - ASIENTO SECUNDARIO DE MATERIA--TÉRMINO DE MATERIA
Término de materia o nombre geográfico como elemento inicial jubilación
9 (RLIN) 28360
650 #4 - ASIENTO SECUNDARIO DE MATERIA--TÉRMINO DE MATERIA
Término de materia o nombre geográfico como elemento inicial mercado de trabajo
9 (RLIN) 28292
650 #4 - ASIENTO SECUNDARIO DE MATERIA--TÉRMINO DE MATERIA
Término de materia o nombre geográfico como elemento inicial Europa
9 (RLIN) 26940
650 #4 - ASIENTO SECUNDARIO DE MATERIA--TÉRMINO DE MATERIA
Término de materia o nombre geográfico como elemento inicial América del Norte
9 (RLIN) 26888
650 #4 - ASIENTO SECUNDARIO DE MATERIA--TÉRMINO DE MATERIA
Término de materia o nombre geográfico como elemento inicial estudio de casos
9 (RLIN) 28846
650 #4 - ASIENTO SECUNDARIO DE MATERIA--TÉRMINO DE MATERIA
Término de materia o nombre geográfico como elemento inicial cuadros estadísticos
9 (RLIN) 28890
653 10 - TÉRMINO DE INDEXACIÓN--NO CONTROLADO
Término no controlado Ciencias Sociales-Políticas
700 1# - ENCABEZAMIENTO SECUNDARIO--NOMBRE PERSONAL
Nombre de persona Stolnitz, George J.
Término indicativo de función ed. lit.
9 (RLIN) 24476
710 2# - ENCABEZAMIENTO SECUNDARIO--NOMBRE CORPORATIVO
Nombre de entidad o nombre de jurisdicción como elemento inicial Naciones Unidas
Unidad subordinada Comisión Económica para Europa
9 (RLIN) 4575
710 2# - ENCABEZAMIENTO SECUNDARIO--NOMBRE CORPORATIVO
Nombre de entidad o nombre de jurisdicción como elemento inicial Fondo de las Naciones Unidas para Actividades en Materia de Población
9 (RLIN) 3619
830 #0 - ENCABEZAMIENTO SECUNDARIO DE COLECCIÓN--TÍTULO UNIFORME
Título uniforme Economic studies (Naciones Unidas. Comisión Económica para Europa)
Designación de volumen o secuencia no. 3
9 (RLIN) 32337
902 ## - CES. TIPO DE DOCUMENTO
Tipodoc (006$c Sirtex) LIB Libro
942 ## - ELEMENTOS KOHA
Fuente de clasificaión o esquema Clasificación propia del CES
Koha [por defecto] tipo de item Monografías
Parte de clasificación 7.0.
Existencias
Número de registro Signatura completa Tipo de item de Koha
003802 DPT-3703 Monografías
© CES, Consejo Económico y Social de España 2021